[Event "Admont 4 Lands (Women)"]
[Site "Admont"]
[Date "2017.06.03"]
[Round "1.2"]
[White "Hapala, Michaela"]
[Black "Kosc, Renata"]
[Result "0-1"]
[WhiteElo "1805"]
[BlackElo "1985"]
[PlyCount "66"]
[EventDate "2017.06.03"]
[EventType "team-tourn"]
[EventRounds "3"]
[EventCountry "AUT"]
[SourceTitle "EXT 2020"]
[Source "ChessBase"]
[SourceDate "2019.10.17"]
[SourceVersion "1"]
[SourceVersionDate "2019.10.17"]
[SourceQuality "1"]
[WhiteTeam "Niederoesterreich (W)"]
[BlackTeam "Burgenland (W)"]
[WhiteTeamCountry "AUT"]
[BlackTeamCountry "AUT"]

1. c4 f5 2. e4 fxe4 3. Qh5+ g6 4. Qe5 Nf6 5. Nc3 Nc6 6. Qg5 d6 7. Nge2 Bf5 8. h3 h5 9. Qh4 Bg7 10. Ng3 e6 11. Be2 Nd4 12. 0-0 Qe7 13. Bd1 Bh6 14. Re1 g5 15. Bxh5+ Kd8 16. Nxf5 Nxf5 17. Qg4 Nxg4 18. Bxg4 Rf8 19. Rxe4 c6 20. d4 Kc7 21. d5 e5 22. b4 Nd4 23. Be3 Nc2 24. Rb1 Nxe3 25. Rxe3 Rf4 26. dxc6 bxc6 27. b5 Rxg4 28. hxg4 Qe6 29. bxc6 Kxc6 30. Nd5 Bf8 31. Rf3 Qxg4 32. Ne3 Qe4 33. Rd1 Rb8 0-1

[Event "AUT-ch (Women)"]
[Site "Feldkirch"]
[Date "2013.07.23"]
[Round "4"]
[White "Hapala, Michaela"]
[Black "Steiner, Magdalena"]
[Result "1-0"]
[WhiteElo "1783"]
[BlackElo "1663"]
[PlyCount "57"]
[EventDate "2013.07.20"]
[EventType "swiss"]
[EventRounds "9"]
[EventCountry "AUT"]
[SourceTitle "CBM 155 Extra"]
[Source "ChessBase"]
[SourceDate "2013.08.26"]
[SourceVersion "1"]
[SourceVersionDate "2013.08.26"]
[SourceQuality "1"]

1. c4 Nf6 2. d4 g6 3. Nc3 Bg7 4. e4 d6 5. f3 0-0 6. Be3 e5 7. d5 a5 8. g4 Na6 9. h4 h5 10. Be2 Nc5 11. Bg5 hxg4 12. fxg4 Qd7 13. Bxf6 Bxf6 14. g5 Be7 15. Nh3 Qd8 16. Qd2 f5 17. gxf6 Bxf6 18. Ng5 Bxg5 19. hxg5 Rf4 20. 0-0-0 Qxg5 21. Rdg1 Qf6 22. Bh5 g5 23. Qg2 g4 24. Qh3 Qg5 25. Kb1 Nxe4 26. Nxe4 Rxe4 27. Bxg4 Re1+ 28. Rxe1 Qg6+ 29. Ka1 1-0

[Event "AUT-ch (Women)"]
[Site "Feldkirch"]
[Date "2013.07.22"]
[Round "3"]
[White "Pilsan, Martha"]
[Black "Hapala, Michaela"]
[Result "1-0"]
[WhiteElo "1498"]
[BlackElo "1783"]
[PlyCount "64"]
[EventDate "2013.07.20"]
[EventType "swiss"]
[EventRounds "9"]
[EventCountry "AUT"]
[SourceTitle "CBM 155 Extra"]
[Source "ChessBase"]
[SourceDate "2013.08.26"]
[SourceVersion "1"]
[SourceVersionDate "2013.08.26"]
[SourceQuality "1"]

1. e4 c5 2. Nf3 g6 3. d4 cxd4 4. Nxd4 Bg7 5. Be3 Nc6 6. Nc3 d6 7. Qd2 a6 8. f3 h5 9. 0-0-0 Qa5 10. Be2 Bd7 11. Nb3 Qd8 12. Nd5 Bh6 13. f4 e5 14. g3 exf4 15. gxf4 Rc8 16. Nb6 Bxf4 17. Nxc8 Bxe3 18. Nxd6+ Kf8 19. Qxe3 Qc7 20. Qc3 Rh7 21. e5 Be6 22. Nd4 Bd5 23. Bf3 Nge7 24. Nxc6 Bxf3 25. Qxf3 Nxc6 26. Qc3 Qe7 27. Rhe1 h4 28. Qc5 Kg8 29. Nxb7 Qxb7 30. Rd6 Ne7 31. Red1 Nf5 32. Rd8+ Kg7 1-0

[Event "AUT-ch (Women)"]
[Site "Vienna"]
[Date "2010.07.24"]
[Round "1"]
[White "Novkovic, Julia"]
[Black "Hapala, Michaela"]
[Result "1-0"]
[WhiteElo "2157"]
[BlackElo "1870"]
[PlyCount "53"]
[EventDate "2010.07.24"]
[EventType "swiss"]
[EventRounds "9"]
[EventCountry "AUT"]
[SourceTitle "CBM 137 Extra"]
[Source "ChessBase"]
[SourceDate "2010.09.01"]
[SourceVersion "1"]
[SourceVersionDate "2010.09.01"]
[SourceQuality "1"]

1. e4 c5 2. Nf3 Nc6 3. d4 cxd4 4. Nxd4 d6 5. c4 Nf6 6. Nc3 g6 7. Be2 Bd7 8. 0-0 Bg7 9. Be3 0-0 10. Rb1 Qa5 11. f3 Nh5 12. Nxc6 bxc6 13. Qd2 Qc7 14. b4 f5 15. Bd4 e5 16. Bf2 Be6 17. Rfc1 fxe4 18. Nxe4 Nf4 19. Bf1 Bf5 20. Rb3 Rad8 21. Ra3 c5 22. b5 Bxe4 23. fxe4 Bh6 24. Be3 Qb7 25. g3 Qxe4 26. Re1 Nh3+ 27. Bxh3 1-0

[Event "AUT 4 Lands (Women)"]
[Site "Austria"]
[Date "2010.05.23"]
[Round "2.2"]
[White "Huber, Elke Carola"]
[Black "Hapala, Michaela"]
[Result "1/2-1/2"]
[WhiteElo "1649"]
[BlackElo "1870"]
[PlyCount "70"]
[EventDate "2010.05.22"]
[EventType "team-match"]
[EventRounds "3"]
[EventCountry "AUT"]
[SourceTitle "EXT 2011"]
[Source "ChessBase"]
[SourceDate "2010.11.26"]
[SourceVersion "1"]
[SourceVersionDate "2010.11.26"]
[SourceQuality "1"]

1. d4 f5 2. g3 d5 3. Bg2 e6 4. Nf3 Nf6 5. 0-0 Bd6 6. b3 0-0 7. c4 c6 8. Nbd2 Nbd7 9. Bb2 Ne4 10. Qc2 Qf6 11. e3 b6 12. cxd5 Nxd2 13. Nxd2 Ba6 14. Rfc1 cxd5 15. Nf3 Rac8 16. Qd2 Bb7 17. Rc2 Rxc2 18. Qxc2 Rc8 19. Qd2 Qg6 20. Rc1 Rxc1+ 21. Qxc1 h5 22. Kh1 Qe8 23. Qc2 Qd8 24. Qe2 Qc8 25. Ne1 Nf6 26. Bf3 Ba6 27. Qc2 Qd7 28. Kg1 Qb5 29. Bg2 Ne4 30. Nf3 Qa5 31. a4 Be7 32. Qc6 Kf7 33. Ne5+ Kf6 34. Nd7+ Kf7 35. Ne5+ Kf6 1/2-1/2

[Event "AUT-ch (Women)"]
[Site "Gmunden"]
[Date "2005.08.20"]
[Round "10"]
[White "Hapala, Michaela"]
[Black "Schwaninger, Ulrike"]
[Result "1/2-1/2"]
[WhiteElo "1947"]
[BlackElo "1982"]
[PlyCount "128"]
[EventDate "2005.08.11"]
[EventType "tourn"]
[EventRounds "11"]
[EventCountry "AUT"]
[SourceTitle "CBM 107 Extra"]
[Source "ChessBase"]
[SourceDate "2005.09.01"]
[SourceVersion "1"]
[SourceVersionDate "2005.09.01"]
[SourceQuality "1"]

1. d4 g6 2. Bf4 d6 3. Nf3 Bg7 4. c3 Nd7 5. e3 Ngf6 6. Bc4 0-0 7. Nbd2 c5 8. 0-0 Nh5 9. Bg3 Nxg3 10. fxg3 Qb6 11. Qb3 Qxb3 12. axb3 cxd4 13. exd4 Nb6 14. Bd3 Bd7 15. Nc4 Nxc4 16. Bxc4 e6 17. d5 e5 18. Ng5 b5 19. Bd3 a5 20. Ra2 Bh6 21. Ne4 Be3+ 22. Kh1 f5 23. Nxd6 Rfb8 24. c4 a4 25. bxa4 bxc4 26. Nxc4 Bd4 27. a5 Rb3 28. Bc2 Rb5 29. Rfa1 Ra7 30. Ba4 Rxd5 31. Nb6 Bxa4 32. Nxd5 Bb3 33. Nf6+ Kg7 34. Ne8+ Kf8 35. Nd6 Bxa2 36. Rxa2 Rc7 37. h4 Ke7 38. Ra1 Bxb2 39. Rb1 Kxd6 40. Rxb2 Rc1+ 41. Kh2 Ra1 42. Rb7 Rxa5 43. Rxh7 Ra6 44. Rh6 Ke7 45. h5 Kf7 46. Rh7+ Kg8 47. Re7 gxh5 48. Rxe5 Rf6 49. Kh3 Kg7 50. Kh4 Kg6 51. Re8 f4 52. Rg8+ Kh7 53. Rg5 fxg3 54. Rxh5+ Kg7 55. Rg5+ Kh7 56. Kxg3 Kh6 57. Rg4 Ra6 58. Kh3 Ra3+ 59. g3 Ra1 60. Rg8 Kh7 61. Rg4 Kh6 62. Rb4 Kg5 63. Rb5+ Kg6 64. g4 Rh1+ 1/2-1/2

[Event "AUT-ch (Women)"]
[Site "Gmunden"]
[Date "2005.08.19"]
[Round "9"]
[White "Nagy, Laura"]
[Black "Hapala, Michaela"]
[Result "1-0"]
[WhiteElo "1933"]
[BlackElo "1947"]
[PlyCount "109"]
[EventDate "2005.08.11"]
[EventType "tourn"]
[EventRounds "11"]
[EventCountry "AUT"]
[SourceTitle "CBM 107 Extra"]
[Source "ChessBase"]
[SourceDate "2005.09.01"]
[SourceVersion "1"]
[SourceVersionDate "2005.09.01"]
[SourceQuality "1"]

1. e4 c5 2. Nc3 Nc6 3. g3 g6 4. Bg2 Bg7 5. d3 d6 6. Be3 Nf6 7. Qc1 Ng4 8. Bd2 Be6 9. Nd5 Bd4 10. Nh3 Qd7 11. Ndf4 0-0-0 12. f3 Nf6 13. c3 Be5 14. Nxe6 fxe6 15. f4 d5 16. fxe5 Nxe5 17. Nf2 dxe4 18. d4 Nf3+ 19. Bxf3 exf3 20. Bf4 Qb5 21. Qc2 Nd5 22. Nd3 Rhf8 23. 0-0 c4 24. Ne5 Nxf4 25. gxf4 Rxf4 26. Rxf3 g5 27. Raf1 Rh4 28. Qe2 Qd5 29. Qxc4+ Qxc4 30. Nxc4 h5 31. Ne5 Re4 32. Rf7 Re8 33. Rg7 Re2 34. Rf2 Re1+ 35. Kg2 g4 36. Rh7 Re3 37. Rxh5 Rg8 38. Kf1 g3 39. hxg3 Rexg3 40. Rhh2 Rg1+ 41. Ke2 Kc7 42. Rf1 R1g3 43. Rf3 Rg1 44. Rhf2 Rb1 45. Nd3 Rh1 46. Re3 Kd6 47. Nc5 Rgg1 48. Rxe6+ Kd5 49. Re5+ Kc4 50. Nd3 b6 51. Rxe7 a5 52. Rc7+ Kb5 53. c4+ Ka6 54. Rff7 Rh2+ 55. Nf2 1-0

[Event "AUT-ch (Women)"]
[Site "Hartberg"]
[Date "2003.08.06"]
[Round "9"]
[White "Horvath, Maria"]
[Black "Hapala, Michaela"]
[Result "1-0"]
[WhiteElo "2087"]
[BlackElo "2008"]
[PlyCount "85"]
[EventDate "2003.07.29"]
[EventType "tourn"]
[EventRounds "13"]
[EventCountry "AUT"]
[SourceTitle "CBM 095 Extra"]
[Source "ChessBase"]
[SourceDate "2003.09.04"]
[SourceVersion "1"]
[SourceVersionDate "2003.09.04"]
[SourceQuality "1"]

1. d4 d5 2. c4 e6 3. Nc3 Nf6 4. cxd5 exd5 5. Bg5 Be7 6. e3 c6 7. Qc2 Ne4 8. Bxe7 Qxe7 9. Nxd5 cxd5 10. Qxc8+ Qd8 11. Qxd8+ Kxd8 12. Bd3 Nc6 13. a3 Rc8 14. Nf3 f5 15. Rc1 Ke7 16. Ke2 g5 17. Bxe4 fxe4 18. Nxg5 Rcg8 19. h4 h6 20. Nh3 Rxg2 21. Nf4 Rg4 22. Nxd5+ Ke6 23. Nc3 Ne7 24. Nxe4 Rxe4 25. f3 Nf5 26. fxe4 Ng3+ 27. Kd3 Nxh1 28. Rxh1 Rg8 29. d5+ Ke5 30. Rf1 Rg6 31. Rf5+ Kd6 32. Kd4 Ke7 33. e5 Rg4+ 34. e4 Rg2 35. d6+ Kd7 36. Rf7+ Kc6 37. Rc7+ Kb6 38. e6 Rg8 39. e7 Re8 40. Rc2 Ka6 41. Kd5 h5 42. Ke6 b5 43. d7 1-0

[Event "AUT-ch (Women)"]
[Site "Hartberg"]
[Date "2003.07.30"]
[Round "2"]
[White "Kopinits, Anna Christina"]
[Black "Hapala, Michaela"]
[Result "1-0"]
[WhiteElo "2117"]
[BlackElo "2008"]
[PlyCount "85"]
[EventDate "2003.07.29"]
[EventType "tourn"]
[EventRounds "13"]
[EventCountry "AUT"]
[SourceTitle "CBM 095 Extra"]
[Source "ChessBase"]
[SourceDate "2003.09.04"]
[SourceVersion "1"]
[SourceVersionDate "2003.09.04"]
[SourceQuality "1"]

1. e4 c5 2. Nf3 Nc6 3. d4 cxd4 4. Nxd4 g6 5. c4 Bg7 6. Be3 d6 7. Nc3 Nf6 8. Be2 0-0 9. 0-0 Bd7 10. b3 Qc8 11. f3 Ne8 12. Nd5 Qd8 13. Rc1 e6 14. Nc3 a6 15. Qd2 f5 16. Rfd1 f4 17. Bf2 e5 18. Nxc6 bxc6 19. c5 Qg5 20. Kh1 Rf6 21. Na4 Be6 22. Nb6 Rd8 23. Qe1 Qh5 24. cxd6 Rxd6 25. Rxd6 Nxd6 26. Rxc6 Nb5 27. Rxe6 Rxe6 28. Bc4 Nc7 29. Qd2 g5 30. Qd8+ Qe8 31. Bxe6+ Kh8 32. Qxe8+ Nxe8 33. Bc4 Nc7 34. Nd5 Nb5 35. Bxb5 axb5 36. Nc7 b4 37. Ne6 Bf6 38. Bc5 h5 39. Bxb4 g4 40. h3 Kg8 41. Kg1 Kf7 42. Nc7 gxf3 43. gxf3 1-0

[Event "AUT-ch (Women)"]
[Site "Hartberg"]
[Date "2003.07.29"]
[Round "1"]
[White "Hapala, Michaela"]
[Black "Mira, Helene"]
[Result "0-1"]
[WhiteElo "2008"]
[BlackElo "2126"]
[PlyCount "48"]
[EventDate "2003.07.29"]
[EventType "tourn"]
[EventRounds "13"]
[EventCountry "AUT"]
[SourceTitle "CBM 095 Extra"]
[Source "ChessBase"]
[SourceDate "2003.09.04"]
[SourceVersion "1"]
[SourceVersionDate "2003.09.04"]
[SourceQuality "1"]

1. c4 Nf6 2. d4 e6 3. a3 d5 4. e3 c5 5. dxc5 Bxc5 6. b4 Be7 7. Bb2 a5 8. b5 0-0 9. Nc3 Qd6 10. Nf3 Nbd7 11. cxd5 exd5 12. Be2 Nc5 13. Nd4 Nfe4 14. 0-0 f5 15. Qc2 Kh8 16. a4 Bd7 17. Ba3 b6 18. Nxe4 fxe4 19. Rac1 Qh6 20. h3 Bxh3 21. gxh3 Qxh3 22. f3 Rf6 23. Bd1 Rg6+ 24. Kf2 Bh4+ 0-1

[Event "HUN-ch op"]
[Site "Zalakaros"]
[Date "2001.??.??"]
[Round "7"]
[White "Suket, Ferenc"]
[Black "Hapala, Michaela"]
[Result "1-0"]
[WhiteElo "2112"]
[BlackElo "2008"]
[PlyCount "135"]
[EventDate "2001.??.??"]
[EventType "swiss"]
[EventRounds "9"]
[EventCountry "HUN"]
[SourceTitle "EXT 2002"]
[Source "ChessBase"]
[SourceDate "2001.11.25"]
[SourceVersion "1"]
[SourceVersionDate "2001.11.25"]
[SourceQuality "1"]

1. e4 c5 2. Nf3 Nc6 3. Bb5 a6 4. Bxc6 bxc6 5. 0-0 Qc7 6. c4 e5 7. d3 Nf6 8. Bg5 Be7 9. Nc3 h6 10. Bh4 0-0 11. h3 d6 12. Nh2 g5 13. Bg3 Be6 14. Ng4 Kh7 15. Nxf6+ Bxf6 16. Bh2 Bg7 17. g4 f6 18. Kg2 Qd7 19. Na4 Rab8 20. b3 h5 21. f3 Rh8 22. Qd2 Kg6 23. Bg3 Rh7 24. Rh1 Rbh8 25. Raf1 Bf8 26. Qa5 Qb7 27. Be1 Rh6 28. Bg3 Qh7 29. Qe1 Qb7 30. Qc1 Be7 31. Qd2 Bd8 32. Rd1 Qh7 33. Qc1 Ba5 34. Rdf1 Bb4 35. Qd1 Qb7 36. Rh2 Rd8 37. Qe2 Qd7 38. Rhh1 Qh7 39. Rh2 d5 40. Rd1 Rh8 41. Rdh1 Rd8 42. Rd1 Qh8 43. Rhh1 Rd7 44. Qc2 Rdh7 45. exd5 cxd5 46. d4+ Kf7 47. cxd5 Bxd5 48. dxe5 Bxf3+ 49. Kxf3 hxg4+ 50. Kf2 Qe8 51. Qf5 Kg8 52. Rd6 c4 53. Rxf6 Rxf6 54. exf6 Qf7 55. Qc8+ Bf8 56. Qxc4 gxh3 57. Qxf7+ Kxf7 58. Be5 Kg6 59. Nb2 Kf7 60. Nc4 Bc5+ 61. Kg3 g4 62. Rf1 Kg6 63. Bd6 Bxd6+ 64. Nxd6 h2 65. f7 Rh3+ 66. Kg2 h1Q+ 67. Rxh1 Rf3 68. Rg1 1-0

[Event "HUN-ch op"]
[Site "Zalakaros"]
[Date "2001.??.??"]
[Round "4"]
[White "Varga, Karoly"]
[Black "Hapala, Michaela"]
[Result "0-1"]
[WhiteElo "2216"]
[BlackElo "2008"]
[PlyCount "83"]
[EventDate "2001.??.??"]
[EventType "swiss"]
[EventRounds "9"]
[EventCountry "HUN"]
[SourceTitle "EXT 2002"]
[Source "ChessBase"]
[SourceDate "2001.11.25"]
[SourceVersion "1"]
[SourceVersionDate "2001.11.25"]
[SourceQuality "1"]

1. c4 e5 2. Nc3 f5 3. g3 Nf6 4. Bg2 c6 5. d4 e4 6. Nh3 Bb4 7. 0-0 0-0 8. Bd2 a5 9. a3 Bxc3 10. Bxc3 d5 11. c5 b5 12. cxb6 Qxb6 13. Qd2 Bd7 14. Rfc1 Be8 15. Nf4 Bf7 16. e3 g5 17. Ne2 Bh5 18. Rc2 Bf3 19. a4 h5 20. b4 axb4 21. Bxb4 Rc8 22. Be7 Kf7 23. Bxf6 Kxf6 24. Nc3 Bxg2 25. Kxg2 Qa6 26. a5 Ke6 27. Na4 Nd7 28. Qc3 Rab8 29. Rb2 Rxb2 30. Qxb2 Qb5 31. Qc3 Nb8 32. Nc5+ Kd6 33. Qa3 Kc7 34. Ra2 h4 35. Rb2 h3+ 36. Kg1 Kd8 37. Rxb5 cxb5 38. a6 b4 39. Qxb4 Nxa6 40. Qb6+ Nc7 41. Qd6+ Ke8 42. Qd7+ 0-1

[Event "Frohnleiten op"]
[Site "Frohnleiten"]
[Date "2000.??.??"]
[Round "?"]
[White "Hapala, Michaela"]
[Black "Kaspret, Guido"]
[Result "0-1"]
[WhiteElo "2011"]
[BlackElo "2340"]
[PlyCount "96"]
[EventDate "2000.??.??"]
[EventType "swiss"]
[EventRounds "9"]
[EventCountry "AUT"]
[SourceTitle "EXT 2002"]
[Source "ChessBase"]
[SourceDate "2001.11.25"]
[SourceVersion "1"]
[SourceVersionDate "2001.11.25"]
[SourceQuality "1"]

1. c4 e5 2. g3 Nc6 3. Bg2 g6 4. Nc3 Bg7 5. e3 h5 6. h4 Nh6 7. Nge2 Nf5 8. a3 a5 9. Nb5 d6 10. d4 0-0 11. d5 Nce7 12. e4 Nh6 13. Bg5 f6 14. Bd2 c6 15. Nbc3 cxd5 16. Nxd5 Nxd5 17. Bxh6 Nb6 18. Bxg7 Kxg7 19. b3 a4 20. Nc3 Bg4 21. f3 Be6 22. Nd5 Bxd5 23. cxd5 Nd7 24. b4 Qb6 25. Bh3 f5 26. exf5 e4 27. fxe4 Rae8 28. Qf3 Qd4 29. Rd1 Rxe4+ 30. Kf1 Qc4+ 31. Qd3 Ne5 32. Qxc4 Nxc4 33. Rc1 gxf5 34. Rc3 Rfe8 35. Kg1 b5 36. Bf1 Re3 37. Rxe3 Rxe3 38. Bxc4 bxc4 39. Kf2 Rxa3 40. Rc1 c3 41. Rc2 Rb3 42. Ke3 Rxb4 43. Rxc3 Rb3 44. Kd3 Rxc3+ 45. Kxc3 Kf6 46. Kb4 Ke5 47. Kxa4 Kxd5 48. Kb4 Ke4 0-1